Loading...
Science - Biology | 2 | 8 | 2 | 0 | 100 | 36 | 88.20 | 2 | 7 |
Science - Chemistry | 1 | 7 | 2 | 2 | 75 | 49 | 97.63 | 2 | 4 |
Beliefs | 1 | 2 | 0 | 1 | 35 | 42 | 106.67 | 0 | 2 |
Science - Physics | 0 | 4 | 1 | 1 | 35 | 103 | 122.00 | 0 | 2 |
Geography | 0 | 2 | 0 | 1 | 20 | 105 | 120.50 | 0 | 1 |
Philosophy | 0 | 2 | 0 | 1 | 20 | 106 | 119.50 | 0 | 0 |
Literature - World Literature | 0 | 2 | 0 | 0 | 20 | 106 | 111.00 | 2 | 2 |
History - US History | 0 | 2 | 0 | 1 | 20 | 120 | 124.50 | 0 | 0 |
Fine Arts - Visual Fine Arts | 1 | 0 | 0 | 0 | 15 | 54 | 54.00 | 1 | 1 |
Literature - British Literature | 0 | 1 | 0 | 0 | 10 | 130 | 130.00 | 0 | 0 |
History - European History | 0 | 1 | 0 | 1 | 10 | 142 | 142.00 | 0 | 1 |
History - Other History | 0 | 1 | 0 | 1 | 10 | 141 | 141.00 | 0 | 0 |
History - World History | 0 | 2 | 2 | 1 | 10 | 84 | 111.00 | 0 | 1 |
Modern World | 0 | 0 | 0 | 0 | 0 | 0.00 | 0 | 0 | |
Science - Other Science | 0 | 0 | 1 | 0 | -5 | 0.00 | 0 | 0 | |
Literature - American Literature | 0 | 0 | 1 | 0 | -5 | 0.00 | 0 | 0 | |
Social Science | 0 | 0 | 1 | 0 | -5 | 0.00 | 0 | 0 |